000 00452nam a2200193Ia 4500
005 20250603145706.0
008 250603s9999 xx 000 0 und d
020 _a9780071635080
050 _aTA 407.4 .N37/
100 _aNash, William A.
245 0 _aSchaum's outlines strength of materials
250 _a5th ed.
260 _aNew York
260 _bMcGraw-Hill,
260 _c2011
300 _a191 p
650 _aNew York
942 _cBK
999 _c42572
_d42572